000 00940cam a2200253 a 4500
999 _c3744
_d3744
001 1106421
003 GBCCL
005 20241126110502.0
008 930405s1993 tnu b 001 0 eng
010 _a 93017475
020 _a0687414687 (recycled, acidfree paper)
040 _aDLC
_cDLC
_dDLC
050 0 0 _aBS1430.5
_b.M35 1993
082 0 0 _a223.206
_220
_bMCC
100 1 _aMcCann, J. Clinton,
_d1951-
_97561
245 1 2 _aA theological introduction to the book of Psalms :
_bthe Psalms as Torah /
_cJ. Clinton McCann, Jr.
260 _aNashville :
_bAbingdon Press,
_cc1993.
300 _a204 p. ;
_c23 cm.
504 _aIncludes bibliographical references (p. 182-194) and index.
650 0 0 _aBible.
_vPsalms
_xTheology.
_97562
906 _a7
_bcbc
_corignew
_d1
_eocip
_f19
_gy-gencatlg
942 _2ddc
_cBK
_09